Diario de una constituyente / (Registro nro. 49911)

Detalles MARC
000 -CABECERA
Longitud fija campo de control 00966nam a2200289Ii 4500
003 - IDENTIFICADOR DEL NUMERO DE CONTROL
Identificador del número de control CO-ViMGA
005 - FECHA Y HORA DE LA ULTIMA TRANSACCION
Fecha y hora de la última transacción 20250919142901.0
008 - CODIGOS DE INFORMACION DE LONGITUD FIJA
Códigos de información de longitud fija 241108s9999||||xx |||||||||||||| ||und||
020 ## - NUMERO INTERNACIONAL NORMALIZADO PARA LIBROS
Número Internacional Normalizado para Libros (ISBN) 9581900144
040 ## - FUENTE DE LA CATALOGACION
Centro catalogador de origen CO-ViMGA
Lengua de catalogación spa
Normas de descripción rda
Centro transcriptor CO-ViMGA
041 0# - CODIGO DE LENGUA
Código de lengua del texto/banda sonora o título independiente unk
082 04 - NUMERO DE LA CLASIFICACION DECIMAL DEWEY
Número de clasificación (R) 342.8602
Número del ítem Z14d
Número de edición 23
100 1# - PUNTO DE ACCESO PRINCIPAL-NOMBRE DE PERSONA
Nombre de persona Zalamea, Alberto
Fechas asociadas al nombre 1929-2011
Término indicativo de función autor
245 10 - TITULO PROPIAMENTE DICHO
Título Diario de una constituyente /
Mención de responsabilidad, etc. Alberto Zalamea
264 #1 - PRODUCCION, PUBLICACION , DISTRIBUCION, FABRICACION Y COPYRIGHT
Lugar de producción, publicación, distribución, fabricación Bogotá, Colombia :
Nombre del productor, editor, distribuidor, fabricante Temis, Zalamea Fajardo
Fecha de de producción, publicación, distribución, fabricación o copyright 1991
300 ## - DESCRIPCION FISICA
Extensión volumen
336 ## - TIPO DE CONTENIDO
Término de tipo de contenido text
Código de tipo de contenido txt
Fuente rdacontent
337 ## - TIPO DE MEDIO
Nombre del tipo de medio unmediated
Código del tipo de medio n
Fuente rdamedia
338 ## - TIPO DE SOPORTE
Nombre del tipo de soporte volume
Código del tipo de soporte nc
Fuente rdacarrier
650 17 - PUNTO DE ACCESO ADICIONAL DE MATERIA - TERMINO DE MATERIA
Término de materia o nombre geográfico como elemento inicial Diario
Fuente del encabezamiento BLAAUTO
Subdivisión de materia general Relatos personales.
650 17 - PUNTO DE ACCESO ADICIONAL DE MATERIA - TERMINO DE MATERIA
Término de materia o nombre geográfico como elemento inicial Reformas constitucionales
Subdivisión cronológica 1991
Subdivisión geográfica Colombia
Fuente del encabezamiento BLAAUTO
651 ## - PUNTO DE ACCESO ADICIONAL DE MATERIA - NOMBRE GEOGRAFICO
Nombre geográfico Colombia
Subdivisión cronológica Constitución 1991.
830 ## - PUNTO DE ACCESO ADICIONAL DE SERIE - TITULO UNIFORME
Título uniforme Jorge Ortega Torres-Colección
940 ## -
T&íacute;tulo uniforme <a href="idficha_siabuc: 7103. -- ficha_no_siabuc:7273">idficha_siabuc: 7103. -- ficha_no_siabuc:7273</a>
942 ## - ENTRADA DE ELEMENTOS AGREGADOS (KOHA)
Fuente de clasificaión o esquema Dewey Decimal Classification
Koha [por defecto] tipo de item LIbro
Existencias
Perdido Fuente de clasificaci&oacute;n o esquema Estado Físico No para pr&eacute;stamo Forma de adquisición Localizaci&oacute;n permanente Localizaci&oacute;n actual Localización en estanterías Fecha adquisici&oacute;n Fuente de adquisici&oacute;n Serie de enumeraci&oacute;n &#47; cronolog&&iacute;acute;a Signatura completa C&oacute;digo de barras Fecha &uacute;ltima consulta N&uacute;mero de copia Fecha del precio de reemplazo Tipo de item de Koha Note p&uacute;blica Pr&eacute;stamos totales
  Dewey Decimal Classification     Colección General Biblioteca Pública Acacias - Carlos María Hernández Rojas Biblioteca Pública Acacias - Carlos María Hernández Rojas General 05/09/2025     342.8602 Z9d ACA02562 05/09/2025 Ej.1 05/09/2025      
  Dewey Decimal Classification     Sala General Biblioteca Pública Departamental Eduardo Carranza - Villavicencio Biblioteca Pública Departamental Eduardo Carranza - Villavicencio General 11/27/2006 donación Vol.1 342.8602 Z14d ECA7084 11/26/2024 Ej.1 11/26/2024 LIbro 7103 | 9966  









Instituto Departamental de Cultura del Meta - Red Departamental de Bibliotecas Públicas del Meta.